Writing at university: a guide for students

Uloženo v:
Podrobná bibliografie
Hlavní autoři: Creme, Phyllis (Autor), Lea, Mary R (Autor)
Médium: Kniha
Jazyk:angličtina
Vydáno: Buckingham Open University 1997
Témata:
Tagy: Přidat tag
Žádné tagy, Buďte první, kdo vytvoří štítek k tomuto záznamu!

MARC

LEADER 00000nam a2200000 a 4500
001 UCO9533
003 CL-VaPUC
008 010302e19970000uk |||||||||||||||||eng|d
082 0 4 |a 808.042  |b CRE  |2 21 
100 0 |a Creme, Phyllis  |e author  |9 454787 
700 0 |a Lea, Mary R  |e author  |9 454788 
245 1 0 |a Writing at university: a guide for students 
300 |a 152 p 
942 |c BK 
945 |d 20010302 00:00:00  |a cmena 
260 |a Buckingham  |b Open University  |c 1997 
650 0 |a Retórica   |9 266620 
650 0 |a Redacción de textos  |9 446760 
650 0 |a Textos escritos  |9 453620 
650 0 |a Análisis del discurso  |9 256696 
650 0 |a Inglés  |9 260023 
583 |a last modification  |c 20171130 02:16:30  |k Rodrigo Vera 
999 |c 293735  |d 293733 
952 |0 0  |1 0  |4 0  |6 808_042000000000000_CRE_1997  |7 0  |8 A  |9 345441  |a FDOPOS  |b FDOPOS  |d 2019-11-20  |i 368461K  |o 808.042 CRE 1997  |p 368461K  |r 2025-01-22  |w 2019-11-20  |y BK  |k MLA